Slovak players in European Big Five (2000-) - Statistics

General Stats
  • This quiz has been taken 25 times
  • The average score is 15 of 65
Answer Stats
Ranking Player Positions Nationality Matches Goals (assists) Periods Clubs % Correct
1 Marek Hamšík MF 409 100 (78) 2004-2005, 2007-2019
100%
3 Milan Škriniar DF, MF 260 10 (1) 2015-2025
100%
4 Stanislav Lobotka MF 246 2 (4) 2017-2025
95%
9 Martin Dúbravka GK 162 0 (0) 2017-2025
90%
6 Martin Škrtel DF 242 16 (5) 2007-2016
90%
2 Juraj Kucka MF, FW 279 31 (18) 2010-2016, 2018-2022
75%
7 Ondrej Duda MF, FW 220 23 (18) 2016-2025
65%
21 Vladimír Weiss MF, FW 64 6 (11) 2008-2009, 2011-2013
60%
53 Dávid Hancko DF 5 0 (0) 2018-2019
55%
5 Peter Pekarík DF 243 4 (10) 2008-2010, 2013-2023
55%
16 László Bénes MF, FW 88 4 (7) 2016-2021, 2024-2025
40%
57 Miroslav Stoch MF, FW 4 0 (0) 2008-2009
40%
22 Tomáš Suslov MF, FW 63 3 (6) 2023-2025
40%
26 Denis Vavro DF 53 2 (0) 2019-2021, 2024-2025
35%
10 Martin Valjent DF 161 3 (1) 2019-2020, 2021-2025
35%
11 Róbert Vittek FW 133 33 (18) 2004-2010
35%
28 Adam Obert DF, MF 44 1 (1) 2021-2022, 2023-2025
30%
30 Dominik Greif GK 34 0 (0) 2021-2025
30%
56 Marek Rodák GK 4 0 (0) 2020-2021, 2022-2023
30%
15 Norbert Gyömbér DF, MF 114 1 (1) 2013-2014, 2015-2016, 2021-2024
30%
19 Róbert Mak MF, FW 77 6 (5) 2010-2014
30%
12 Szilárd Németh FW 130 24 (8) 2001-2007
30%
34 Lukáš Haraslín MF, FW 27 1 (0) 2014-2015, 2019-2021
25%
13 Vratislav Greško DF 128 3 (10) 2000-2008
25%
14 Marek Mintál MF, FW 121 32 (11) 2004-2007, 2009-2011
20%
25 Matúš Bero MF, FW 54 6 (3) 2023-2025
20%
42 Adam Zreľák FW 14 2 (1) 2018-2019
15%
27 Erik Jendrišek MF, FW 48 2 (5) 2006-2007, 2010-2013
15%
48 Ján Ďurica DF 9 0 (0) 2009-2010
15%
61 Ján Mucha GK 2 0 (0) 2012-2013
15%
54 Kamil Kopúnek MF 5 0 (0) 2010-2011
15%
8 Miroslav Karhan MF 215 9 (18) 2001-2006, 2009-2011
15%
41 Tomáš Hubočan DF 16 0 (0) 2016-2019
15%
32 Adam Nemec FW 28 4 (0) 2010-2012
10%
37 Dávid Ivan MF 21 1 (0) 2015-2016
10%
40 Dávid Strelec MF, FW 17 1 (0) 2021-2023
10%
44 Dominik Javorček DF, MF 13 0 (2) 2024-2025
10%
52 Ján Kozák MF 6 0 (0) 2005-2006
10%
20 Karim Guédé MF 76 6 (5) 2011-2014, 2016-2018
10%
18 Stanislav Šesták MF, FW 86 28 (9) 2007-2010
10%
23 Filip Šebo FW 62 6 (0) 2007-2010
5%
33 Igor Bališ DF, MF 28 2 (0) 2002-2003
5%
47 Ľubomír Michalík DF 11 1 (1) 2006-2008
5%
31 Marek Čech DF 34 0 (3) 2008-2009, 2010-2011, 2013-2014
5%
24 Radoslav Zabavník DF, MF 62 0 (4) 2009-2013
5%
39 Stanislav Varga DF 21 1 (0) 2000-2002
5%
29 Alexander Vencel GK 38 0 (0) 2002-2003
0%
50 Balázs Borbély DF, MF 8 0 (0) 2005-2006
0%
43 Blažej Vaščák MF 13 0 (3) 2005-2006
0%
35 Dušan Švento DF, MF 26 1 (0) 2014-2016
0%
62 Filip Lesniak MF 1 0 (0) 2016-2017
0%
17 Igor Demo MF 86 15 (6) 2001-2005
0%
55 Ľubomír Tupta MF, FW 4 0 (0) 2017-2018, 2020-2021
0%
63 Ľuboš Hanzel DF 1 0 (0) 2009-2010
0%
64 Marián Kelemen GK 1 0 (0) 2008-2009
0%
46 Matej Krajčík DF 12 0 (0) 2008-2009
0%
65 Milan Ivana MF, FW 1 0 (0) 2015-2016
0%
36 Nikolas Špalek MF, FW 25 2 (1) 2019-2020
0%
58 Pavol Bajza GK 4 0 (0) 2012-2014
0%
59 Pavol Farkaš DF 4 0 (0) 2012-2013
0%
60 Róbert Mazáň DF 3 0 (0) 2017-2019
0%
51 Samuel Mráz FW 8 1 (0) 2018-2019, 2021-2022
0%
38 Samuel Slovák MF, FW 21 4 (1) 2001-2002, 2004-2006
0%
49 Tomáš Košický GK 9 0 (1) 2008-2009, 2011-2012
0%
45 Vladimír Labant DF 13 0 (2) 2001-2003
0%
No matching quizzes found
Score Distribution
Percent of People with Each Score
Percentile by Number Answered
Your Score History
You have not taken this quiz